<?xml version="1.0" encoding="UTF-8"?>
<record
    xmlns:xsi="http://www.w3.org/2001/XMLSchema-instance"
    xsi:schemaLocation="http://www.loc.gov/MARC21/slim http://www.loc.gov/standards/marcxml/schema/MARC21slim.xsd"
    xmlns="http://www.loc.gov/MARC21/slim">

  <leader>01026nam a2200145Ia 4500</leader>
  <controlfield tag="008">231221s9999    xx            000 0 und d</controlfield>
  <datafield tag="041" ind1=" " ind2=" ">
    <subfield code="a">English</subfield>
  </datafield>
  <datafield tag="082" ind1=" " ind2=" ">
    <subfield code="a">JNBT13-1257</subfield>
  </datafield>
  <datafield tag="100" ind1=" " ind2=" ">
    <subfield code="a">Bhattacharjee B. Chatterjee J.</subfield>
  </datafield>
  <datafield tag="245" ind1=" " ind2="0">
    <subfield code="a">Identification Of Proapoptopic, Anti-Inflammatory, Anti- Proliferative, Anti-Invasive And Anti-Angiogenic Targets Of Essential Oils In Cardamom By Dual Reverse Virtual Screening And Binding Pose Analysis</subfield>
  </datafield>
  <datafield tag="260" ind1=" " ind2=" ">
    <subfield code="c">2013</subfield>
  </datafield>
  <datafield tag="500" ind1=" " ind2=" ">
    <subfield code="a">Identification Of Proapoptopic, Anti-Inflammatory, Anti- Proliferative, Anti-Invasive And Anti-Angiogenic Targets Of Essential Oils In Cardamom By Dual Reverse Virtual Screening And Binding Pose Analysis  Bhattacharjee B1, Chatterjee J1. 1Department of Biotechnology, PES Institute of Technology, Bangalore, India Asian Pac J Cancer Prev. 2013; 14(6):3735-42.</subfield>
  </datafield>
  <datafield tag="650" ind1=" " ind2=" ">
    <subfield code="a">Identification,Proapoptopic,,Anti-Inflammatory,,Anti-,Proliferative,,Anti-Invasive,Anti-Angiogenic,Targets,Oils,Cardamom,Dual,Reverse,Virtual,Screening,Binding,Pose</subfield>
  </datafield>
  <datafield tag="942" ind1=" " ind2=" ">
    <subfield code="c">IR</subfield>
  </datafield>
  <datafield tag="999" ind1=" " ind2=" ">
    <subfield code="c">233837</subfield>
    <subfield code="d">233837</subfield>
  </datafield>
  <datafield tag="952" ind1=" " ind2=" ">
    <subfield code="r">2024-01-26 00:00:00</subfield>
    <subfield code="l">0</subfield>
    <subfield code="o">JNBT13-1257</subfield>
    <subfield code="p">IR1257</subfield>
    <subfield code="w">2024-01-26</subfield>
    <subfield code="y">IR</subfield>
    <subfield code="1">0</subfield>
    <subfield code="4">0</subfield>
    <subfield code="7">0</subfield>
    <subfield code="8">BT</subfield>
    <subfield code="0">0</subfield>
    <subfield code="a">ML</subfield>
    <subfield code="b">ML</subfield>
    <subfield code="c">CL</subfield>
    <subfield code="d">0000-00-00</subfield>
    <subfield code="E">BT</subfield>
    <subfield code="G">RS</subfield>
    <subfield code="F">1</subfield>
    <subfield code="V">0</subfield>
    <subfield code="W">0</subfield>
  </datafield>
</record>
